| 000 | | | 04246nac2a22002771x 450 |
| 001 | | | 72702953-2fda-4631-bbe3-eb5222250d19 |
| 005 | | | 20160419185729.0 |
| 100 | ## | $a | 20151226l19081908k y0rusy50 ca |
| 101 | 0# | $a | rus |
| 102 | ## | $a | RU |
| 105 | ## | $a | y z ||||| |
| 122 | 2# | $a | d19080229 |
| | $a | d19080331 |
| 122 | 0# | $a | d19080218 |
| 200 | 1# | $a | Материалы комиссии о пошлинах: заключение комиссии на законопроект об обложении пошлиной переходящего по наследству имущества; перечень вопросов, предложенных к обсуждению; состав комиссии |
| | $j | Февраль-март 1908 |
| 215 | ## | $a | 17 листов |
| 251 | ## | $c | Дело |
| 300 | ## | $a | Заголовок дела на папке: Материалы комиссии "для предварительного обсуждения проекта закона о пошлинах с безмездного перехода имуществ", созданной при Группе центра 18 февраля 1908 г.: списки членов, вопросы к обсуждению, заключения |
| 300 | ## | $a | Машинописный текст |
| 330 | ## | $a | Входит в раздел описи: 3. Документальные материалы комиссий Группы центра. з) Комиссия о пошлинах |
| 461 | #0 | $1 | 00139b3a626-d0a0-47c3-aa28-5617d4973b79 |
| | $1 | 2001 |
| | $a | Группа центра Государственного совета |
| | $1 | 251 |
| | $c | Фонд |
| | $1 | 852 |
| | $j | 1178 |
| 462 | #0 | $1 | 001048ab243-cffe-4e04-813f-03e83f42b87a |
| | $1 | 2001 |
| | $a | Дела постоянного хранения |
| | $v | Д. 74 |
| | $1 | 251 |
| | $c | Опись |
| | $1 | 852 |
| | $j | 1 |
| 517 | 1# | $a | Материалы комиссии "для предварительного обсуждения проекта закона о пошлинах с безмездного перехода имуществ", созданной при Группе центра 18 февраля 1908 г.: списки членов, вопросы к обсуждению, заключения |
| 601 | 01 | $3 | RU\NLR\AUTH\889948591 |
| | $a | Россия |
| | $b | Государственный совет |
| | $b | Группа центра |
| 801 | #0 | $a | RU |
| | $b | GA_RF |
| 801 | #1 | $a | RU |
| | $b | НПО Опыт |
| | $c | 20151226 |
| | $2 | rusmarc |
| 801 | #2 | $a | RU |
| | $b | ПБ им. Б.Н. Ельцина |
| | $c | 20160419 |
| | $g | RCR |
| | $2 | rusmarc |
| 852 | ## | $a | ГА РФ |
| | $j | 74 |
| 937 | ## | $d | 71824841 |
| | $h | ПБ |
| 035 | ## | $a | RuPRLIB51035186 |